00326nam a22001097a 4500082002700000100002200027245006600049260002400115300003200139526003700171650000800208 a621.48bAPPcL-7, P-44 aPedersen, Hnud B. aApplied nuclear power engineering for practicing engineering. aUSAbCahners Books. axii, 259 p. :bill. :c6 Cm a0b0c0d621_480000000000000_APP aMCE